[Event "FIN-chT 2324"]
[Site "Finland"]
[Date "2023.09.23"]
[Round "1.4"]
[White "Salo, Heikki"]
[Black "Virtanen, Antti"]
[Result "1-0"]
[WhiteElo "2216"]
[BlackElo "2235"]
[PlyCount "111"]
[EventDate "2023.09.23"]
[EventType "team-tourn"]
[EventRounds "12"]
[EventCountry "FIN"]
[SourceTitle "EXT 2024"]
[Source "ChessBase"]
[SourceDate "2023.10.10"]
[SourceVersion "1"]
[SourceVersionDate "2023.10.10"]
[SourceQuality "1"]
[WhiteTeam "Vantaa EtVaS"]
[BlackTeam "Helsinki Aatos"]
[WhiteTeamCountry "FIN"]
[BlackTeamCountry "FIN"]

1. c4 g6 2. Nc3 Bg7 3. Nf3 Nf6 4. d4 d6 5. e4 0-0 6. Be2 Nbd7 7. 0-0 e5 8. Re1 c6 9. Rb1 exd4 10. Nxd4 Re8 11. Bf1 Ng4 12. Qxg4 Bxd4 13. Qg3 Nc5 14. Bh6 Qf6 15. Bd2 a5 16. b3 h5 17. Rbc1 Bd7 18. Qf4 Qe5 19. g3 Re6 20. Qxe5 dxe5 21. Kg2 Rd6 22. f3 Rd8 23. Rc2 Bc8 24. Bg5 f6 25. Bc1 Ne6 26. Be2 Bc5 27. Nb1 a4 28. Ba3 Bxa3 29. Nxa3 Nd4 30. Rb2 axb3 31. axb3 Nxe2 32. Rexe2 Rd1 33. Nb1 Be6 34. Red2 R8xd2+ 35. Nxd2 Kf7 36. Rc2 Ke7 37. c5 Kd7 38. h4 Kc8 39. Kf2 Ra1 40. Rb2 Kb8 41. Rc2 Ka7 42. Rc3 Ka6 43. Rd3 Kb5 44. Rd6 Bc8 45. Rxf6 Kxc5 46. Rxg6 Kd4 47. Rd6+ Kc3 48. Nc4 Kxb3 49. Nxe5 c5 50. f4 Ra4 51. Nd3 Ra2+ 52. Ke3 Kc4 53. f5 Ra6 54. Rxa6 bxa6 55. f6 Be6 56. Nf4 1-0

[Event "FIN-chT 2022"]
[Site "Finland"]
[Date "2022.04.10"]
[Round "2.3"]
[White "Virtanen, Antti"]
[Black "Pohjala, Henri"]
[Result "0-1"]
[WhiteElo "2270"]
[BlackElo "2343"]
[PlyCount "88"]
[EventDate "2020.09.12"]
[EventType "team-tourn"]
[EventRounds "11"]
[EventCountry "FIN"]
[SourceTitle "EXT 2023"]
[Source "ChessBase"]
[SourceDate "2022.10.05"]
[SourceVersion "1"]
[SourceVersionDate "2022.10.05"]
[SourceQuality "1"]
[WhiteTeam "Helsinki Aatos"]
[BlackTeam "Sastamala VammSK"]
[WhiteTeamCountry "FIN"]
[BlackTeamCountry "FIN"]

1. c4 c6 2. e4 e5 3. Nf3 d6 4. d4 Qc7 5. Nc3 Bg4 6. Be2 Nd7 7. Be3 Ngf6 8. 0-0 Be7 9. h3 Bh5 10. d5 0-0 11. dxc6 bxc6 12. Nh4 Bxe2 13. Qxe2 g6 14. Rfd1 Rfe8 15. g3 a5 16. Rac1 a4 17. Nf3 Bf8 18. Nd2 Nc5 19. Bxc5 dxc5 20. Nf3 Bh6 21. Rb1 Nh5 22. Qc2 Qa7 23. Rd6 Bf8 24. Rd3 Ng7 25. Rbd1 Ne6 26. b3 axb3 27. axb3 Nd4 28. Nxd4 exd4 29. Na4 Rxe4 30. R3d2 Rae8 31. Qd3 h5 32. h4 f5 33. Nb2 Qe7 34. Qf3 Bh6 35. Rc2 f4 36. Nd3 fxg3 37. fxg3 Re3 38. Qxc6 Rxg3+ 39. Rg2 Be3+ 40. Kh1 Rh3+ 41. Rh2 Rxh2+ 42. Kxh2 Qxh4+ 43. Kg2 Qg4+ 44. Kh2 Rf8 0-1

[Event "FIN-chT 2022"]
[Site "Finland"]
[Date "2021.10.16"]
[Round "3.2"]
[White "Nouro, Mikael"]
[Black "Virtanen, Antti"]
[Result "1-0"]
[WhiteElo "2306"]
[BlackElo "2270"]
[PlyCount "71"]
[EventDate "2020.09.12"]
[EventType "team-tourn"]
[EventRounds "11"]
[EventCountry "FIN"]
[SourceTitle "EXT 2023"]
[Source "ChessBase"]
[SourceDate "2022.10.05"]
[SourceVersion "1"]
[SourceVersionDate "2022.10.05"]
[SourceQuality "1"]
[WhiteTeam "Gambiitti"]
[BlackTeam "Helsinki Aatos"]
[WhiteTeamCountry "FIN"]
[BlackTeamCountry "FIN"]

1. e4 c5 2. Nf3 d6 3. Bb5+ Bd7 4. Bxd7+ Qxd7 5. 0-0 Nc6 6. c3 Nf6 7. Qe2 e6 8. d4 cxd4 9. cxd4 d5 10. e5 Ne4 11. Nbd2 Nxd2 12. Bxd2 Be7 13. h4 0-0 14. h5 Rfc8 15. h6 g6 16. Rfc1 Bf8 17. Rc2 Ne7 18. Bg5 Nf5 19. Rxc8 Rxc8 20. Qd2 Qa4 21. b3 Qb4 22. Qf4 Qc3 23. Re1 Qd3 24. g4 Ne7 25. Kg2 Qb5 26. Re3 Rc1 27. Ne1 Qe8 28. Re2 Rd1 29. Bxe7 Qxe7 30. Nf3 g5 31. Qe3 Bxh6 32. Rc2 Qb4 33. Qe2 Rb1 34. Rc8+ Kg7 35. Qc2 Ra1 36. Qc7 1-0

[Event "FIN-chT 1920"]
[Site "Finland"]
[Date "2020.02.09"]
[Round "8.2"]
[White "Virtanen, Antti"]
[Black "Norri, Joose"]
[Result "0-1"]
[WhiteElo "2312"]
[BlackElo "2257"]
[PlyCount "132"]
[EventDate "2019.09.14"]
[EventType "team-tourn"]
[EventRounds "11"]
[EventCountry "FIN"]
[SourceTitle "CBM 195 Extra"]
[Source "ChessBase"]
[SourceDate "2020.05.31"]
[SourceVersion "1"]
[SourceVersionDate "2020.05.31"]
[SourceQuality "1"]
[WhiteTeam "Helsinki Aatos"]
[BlackTeam "Helsinki HSK"]
[WhiteTeamCountry "FIN"]
[BlackTeamCountry "FIN"]

1. d4 d5 2. c4 e6 3. Nc3 Be7 4. cxd5 exd5 5. Bf4 c6 6. e3 Bf5 7. Nge2 Qb6 8. Qd2 Nd7 9. f3 Ngf6 10. g4 Be6 11. Ng3 g6 12. g5 Ng8 13. h4 h6 14. Bd3 Qd8 15. 0-0-0 hxg5 16. hxg5 Rxh1 17. Rxh1 Bxg5 18. Rh8 f5 19. Nxf5 gxf5 20. Bxf5 Bf7 21. e4 Bxf4 22. Qxf4 Nf8 23. e5 Ne6 24. Qg4 Qg5+ 25. Qxg5 Nxg5 26. f4 Ne6 27. Bxe6 Bxe6 28. f5 Bf7 29. e6 Bxe6 30. fxe6 0-0-0 31. Ne2 Ne7 32. Rh7 Re8 33. Rh6 Kc7 34. Nf4 Rg8 35. Rh7 Kd6 36. Rf7 a5 37. Kd2 b6 38. Kd3 Rg3+ 39. Kd2 c5 40. Rf8 cxd4 41. Rb8 Rg4 42. Ne2 Kc7 43. Re8 Nc6 44. a3 Kd6 45. Rc8 Re4 46. Re8 Rxe6 47. Rxe6+ Kxe6 48. Kd3 Ke5 49. Ng1 Kd6 50. b3 Kc5 51. Nf3 b5 52. Kc2 Kd6 53. Kd2 Ke6 54. Ne1 Kf5 55. Kd3 Ke5 56. Nf3+ Kd6 57. Kd2 b4 58. a4 Ke6 59. Ne1 Ne5 60. Nc2 Kf5 61. Nxd4+ Ke4 62. Ne6 Nf3+ 63. Kc1 d4 64. Nc5+ Ke3 65. Kd1 Ne5 66. Nb7 d3 0-1

[Event "EU-Cup 34th"]
[Site "Porto Carras"]
[Date "2018.10.18"]
[Round "7.1"]
[White "Milosevic, Milos"]
[Black "Virtanen, Antti"]
[Result "0-1"]
[WhiteElo "2306"]
[BlackElo "2262"]
[PlyCount "118"]
[EventDate "2018.10.12"]
[EventType "team-swiss"]
[EventRounds "7"]
[EventCountry "GRE"]
[SourceTitle "CBM 187"]
[Source "ChessBase"]
[SourceDate "2018.12.11"]
[SourceVersion "1"]
[SourceVersionDate "2018.12.11"]
[SourceQuality "1"]
[WhiteTeam "Partizan"]
[BlackTeam "Aatos"]
[WhiteTeamCountry "SRB"]
[BlackTeamCountry "FIN"]

1. e4 c5 2. Nc3 Nc6 3. Bb5 Nd4 4. Bc4 e6 5. Nge2 a6 6. Nxd4 cxd4 7. Ne2 Bc5 8. d3 Ne7 9. 0-0 d5 10. exd5 Nxd5 11. Ng3 0-0 12. Qf3 b5 13. Bxd5 Qxd5 14. Qxd5 exd5 15. Bd2 Bd7 16. Rfe1 Rac8 17. Ne2 Bb6 18. Rac1 Rc6 19. Nf4 Be6 20. Re2 Rfc8 21. Nxe6 fxe6 22. Bf4 Bc7 23. Bxc7 R8xc7 24. Kf1 Kf7 25. Ke1 Kf6 26. Kd2 b4 27. Kd1 Rc5 28. Ra1 Ra5 29. Kc1 b3 30. Kb1 bxc2+ 31. Rxc2 Rac5 32. Rxc5 Rxc5 33. a4 e5 34. b4 Rc3 35. b5 axb5 36. a5 Rc8 37. Kb2 e4 38. a6 Ke5 39. a7 Ra8 40. dxe4 dxe4 41. f3 exf3 42. gxf3 Kf4 43. Kc2 b4 44. Kd3 b3 45. Kxd4 b2 46. Rb1 Rxa7 47. Rxb2 Rd7+ 48. Kc5 Kxf3 49. Kc6 Rf7 50. Kd6 g5 51. Ke6 Rf4 52. Ke5 h5 53. Rb3+ Kg4 54. Rg3+ Kh4 55. Rg2 Rf3 56. Ke4 g4 57. Ra2 Kh3 58. Rb2 Rf1 59. Rb3+ Kxh2 0-1

[Event "EU-Cup 34th"]
[Site "Porto Carras"]
[Date "2018.10.16"]
[Round "5.1"]
[White "Heinzel, Olaf"]
[Black "Virtanen, Antti"]
[Result "1/2-1/2"]
[WhiteElo "2331"]
[BlackElo "2262"]
[PlyCount "81"]
[EventDate "2018.10.12"]
[EventType "team-swiss"]
[EventRounds "7"]
[EventCountry "GRE"]
[SourceTitle "CBM 187"]
[Source "ChessBase"]
[SourceDate "2018.12.11"]
[SourceVersion "1"]
[SourceVersionDate "2018.12.11"]
[SourceQuality "1"]
[WhiteTeam "Bonnevoie Gambit"]
[BlackTeam "Aatos"]
[WhiteTeamCountry "BEL"]
[BlackTeamCountry "FIN"]

1. d4 Nf6 2. Bg5 d5 3. e3 c5 4. Bxf6 gxf6 5. dxc5 e6 6. Nc3 Bxc5 7. Bd3 Nc6 8. Nge2 f5 9. Qd2 Bd7 10. a3 Qf6 11. 0-0 Rg8 12. b4 Bd6 13. f4 Rc8 14. Nb5 Bb8 15. Nbd4 h5 16. Rac1 Rg4 17. c3 Ke7 18. Rf2 Rcg8 19. Nxc6+ bxc6 20. c4 Qg7 21. Nd4 Bxf4 22. Nxf5+ exf5 23. exf4 Qd4 24. Kh1 Be6 25. c5 h4 26. Re1 Kf6 27. Qe3 Qxe3 28. Rxe3 d4 29. Re5 h3 30. g3 Bd5+ 31. Kg1 Rxg3+ 32. hxg3 Rxg3+ 33. Kh2 Rxd3 34. b5 Rxa3 35. Rd2 d3 36. Re3 Be4 37. bxc6 Rc3 38. Rexd3 Bxd3 39. Rxd3 Rxc5 40. Rd6+ Ke7 41. Rd7+ 1/2-1/2

[Event "EU-Cup 34th"]
[Site "Porto Carras"]
[Date "2018.10.13"]
[Round "2.1"]
[White "Virtanen, Antti"]
[Black "Ashton, Adam"]
[Result "1-0"]
[WhiteElo "2262"]
[BlackElo "2359"]
[PlyCount "71"]
[EventDate "2018.10.12"]
[EventType "team-swiss"]
[EventRounds "7"]
[EventCountry "GRE"]
[SourceTitle "CBM 187"]
[Source "ChessBase"]
[SourceDate "2018.12.11"]
[SourceVersion "1"]
[SourceVersionDate "2018.12.11"]
[SourceQuality "1"]
[WhiteTeam "Aatos"]
[BlackTeam "3Cs"]
[WhiteTeamCountry "FIN"]
[BlackTeamCountry "ENG"]

1. Nf3 d5 2. e3 Nf6 3. c4 e6 4. b3 Be7 5. Bb2 0-0 6. Nc3 c5 7. cxd5 Nxd5 8. Nxd5 Qxd5 9. Bc4 Qd8 10. Qc2 Nc6 11. h4 f5 12. Ng5 Nb4 13. Qd1 Qe8 14. a3 b5 15. Be2 Nd5 16. a4 bxa4 17. Rxa4 h6 18. Nf3 Bd7 19. Ra5 Nb4 20. Bc4 Qd8 21. Ra1 Qb6 22. 0-0 Bb5 23. Qe2 a6 24. d4 Rac8 25. Bxb5 axb5 26. Ne5 Rfd8 27. Qh5 Bf6 28. Qf7+ Kh7 29. Nd7 Rxd7 30. Qxd7 Rd8 31. Qf7 cxd4 32. Ra7 e5 33. exd4 exd4 34. Re1 Rf8 35. Qxf8 Qxa7 36. Qxb4 1-0

[Event "FIN-chT 1718"]
[Site "Finland"]
[Date "2018.03.10"]
[Round "10.4"]
[White "Virtanen, Antti"]
[Black "Kokkila, Tero"]
[Result "1/2-1/2"]
[WhiteElo "2285"]
[BlackElo "2293"]
[PlyCount "138"]
[EventDate "2017.09.16"]
[EventType "team-tourn"]
[EventRounds "11"]
[EventCountry "FIN"]
[SourceTitle "EXT 2019"]
[Source "ChessBase"]
[SourceDate "2018.10.10"]
[SourceVersion "1"]
[SourceVersionDate "2018.10.10"]
[SourceQuality "1"]
[WhiteTeam "Helsinki Aatos"]
[BlackTeam "Vantaa EtVaS"]
[WhiteTeamCountry "FIN"]
[BlackTeamCountry "FIN"]

1. d4 e6 2. c4 Nf6 3. Nc3 Bb4 4. Nf3 c5 5. g3 Nc6 6. Bg2 Ne4 7. Qd3 cxd4 8. Qxe4 dxc3 9. 0-0 0-0 10. Rd1 cxb2 11. Bxb2 Qe7 12. Rab1 Bc5 13. Ne5 f6 14. Nd3 Bd6 15. Nf4 Bc5 16. Nd3 Bd6 17. Nf4 Rb8 18. Nd5 exd5 19. Qxd5+ Qe6 20. Qxd6 Qxd6 21. Rxd6 Re8 22. Bd5+ Kf8 23. Ba3 Ne7 24. Be4 Kf7 25. Rd4 d5 26. cxd5 Bf5 27. Bd6 Bxe4 28. Rxe4 Nxd5 29. Rxe8 Rxe8 30. Rxb7+ Kg8 31. e3 Re6 32. Bc5 Rc6 33. Bd4 a6 34. a4 Rc4 35. Rd7 Nb4 36. a5 Nc6 37. Bb6 Ra4 38. Rd5 Ra2 39. Rc5 Ne5 40. Rc8+ Kf7 41. Ra8 g5 42. h3 h5 43. Rxa6 Nf3+ 44. Kg2 g4 45. hxg4 hxg4 46. Bd4 Nxd4 47. exd4 Rd2 48. Rd6 Ke7 49. Rd5 Ra2 50. Rb5 Ra4 51. d5 Ra1 52. Rb7+ Kd6 53. Rb6+ Ke5 54. Re6+ Kf5 55. Ra6 Ke5 56. d6 Ke6 57. d7+ Kxd7 58. Rxf6 Rxa5 59. Rf4 Rg5 60. Re4 Kd6 61. f3 gxf3+ 62. Kxf3 Rg8 63. g4 Kd5 64. Re1 Rf8+ 65. Kg3 Rg8 66. Re2 Kd6 67. Re4 Kd5 68. Ra4 Ke6 69. Ra6+ Kf7 1/2-1/2

[Event "FIN-chT 1718"]
[Site "Finland"]
[Date "2017.10.22"]
[Round "4.3"]
[White "Virtanen, Antti"]
[Black "Varpanen, Jan"]
[Result "1/2-1/2"]
[WhiteElo "2285"]
[BlackElo "2092"]
[PlyCount "41"]
[EventDate "2017.09.16"]
[EventType "team-tourn"]
[EventRounds "11"]
[EventCountry "FIN"]
[SourceTitle "EXT 2019"]
[Source "ChessBase"]
[SourceDate "2018.10.10"]
[SourceVersion "1"]
[SourceVersionDate "2018.10.10"]
[SourceQuality "1"]
[WhiteTeam "Helsinki Aatos"]
[BlackTeam "Helsinki HSK"]
[WhiteTeamCountry "FIN"]
[BlackTeamCountry "FIN"]

1. Nf3 d5 2. g3 Nf6 3. Bg2 g6 4. 0-0 Bg7 5. d3 0-0 6. c3 c5 7. Qa4 Qd7 8. Qa3 b6 9. b4 Na6 10. Nbd2 Bb7 11. Rb1 cxb4 12. cxb4 Nc7 13. Qb3 Rac8 14. Bb2 Ne6 15. Ne5 Qd6 16. f4 Nd7 17. Ndf3 d4 18. Nc4 Qb8 19. Ncd2 Qd6 20. Nc4 Qb8 21. Ncd2 1/2-1/2

[Event "FIN-chT 1718"]
[Site "Finland"]
[Date "2017.09.16"]
[Round "1.3"]
[White "Virtanen, Antti"]
[Black "Luukkonen, Tommi"]
[Result "0-1"]
[WhiteElo "2285"]
[BlackElo "2348"]
[PlyCount "58"]
[EventDate "2017.09.16"]
[EventType "team-tourn"]
[EventRounds "11"]
[EventCountry "FIN"]
[SourceTitle "CBM 180 Extra"]
[Source "ChessBase"]
[SourceDate "2017.10.06"]
[SourceVersion "1"]
[SourceVersionDate "2017.10.06"]
[SourceQuality "1"]
[WhiteTeam "Helsinki Aatos"]
[BlackTeam "Jyvaskyla JyS"]
[WhiteTeamCountry "FIN"]
[BlackTeamCountry "FIN"]

1. c4 c5 2. Nc3 Nc6 3. Nf3 g6 4. e3 Nf6 5. d4 cxd4 6. exd4 d5 7. cxd5 Nxd5 8. Qb3 e6 9. Bb5 Bg7 10. 0-0 0-0 11. Bxc6 bxc6 12. Na4 Ba6 13. Re1 Nb6 14. Bg5 Qd6 15. Nc5 Bc4 16. Qe3 Bd5 17. Ne4 Bxe4 18. Qxe4 h6 19. Bf4 Qb4 20. Bd2 Qxb2 21. Reb1 Qa3 22. Bb4 Qa4 23. Bxf8 Rxf8 24. Rc1 Rc8 25. Ne5 c5 26. Rab1 Rd8 27. Rxc5 Rxd4 28. Qe2 Re4 29. Qb2 Nd7 0-1

[Event "FIN-chT 1617"]
[Site "Finland"]
[Date "2017.03.10"]
[Round "9.4"]
[White "Virtanen, Antti"]
[Black "Kokkila, Tero"]
[Result "1/2-1/2"]
[WhiteElo "2247"]
[BlackElo "2323"]
[PlyCount "65"]
[EventDate "2016.09.17"]
[EventType "team-tourn"]
[EventRounds "11"]
[EventCountry "FIN"]
[SourceTitle "EXT 2018"]
[Source "ChessBase"]
[SourceDate "2017.10.13"]
[SourceVersion "1"]
[SourceVersionDate "2017.10.13"]
[SourceQuality "1"]
[WhiteTeam "Helsinki Aatos"]
[BlackTeam "Vantaa EtVaS"]
[WhiteTeamCountry "FIN"]
[BlackTeamCountry "FIN"]

1. d4 e6 2. c4 Nf6 3. Nc3 Bb4 4. Qc2 d5 5. cxd5 Qxd5 6. e3 0-0 7. Bd2 Bxc3 8. Bxc3 Qe4 9. Rc1 Bd7 10. Nf3 Qxc2 11. Rxc2 a6 12. Ba5 Nc6 13. Bd2 Ne4 14. Bd3 Nxd2 15. Kxd2 Rfd8 16. Be4 f6 17. Ke2 Be8 18. Rc5 Rd6 19. Rhc1 Rad8 20. a3 g5 21. g4 h5 22. gxh5 Bxh5 23. h4 e5 24. hxg5 exd4 25. gxf6 d3+ 26. Kd2 Bxf3 27. Rg1+ Kf8 28. Bxf3 Rxf6 29. Rg3 Rd7 30. Rd5 Rxd5 31. Bxd5 Rxf2+ 32. Kxd3 Rxb2 33. Bxc6 1/2-1/2

[Event "FIN-chT 1617"]
[Site "Finland"]
[Date "2016.09.18"]
[Round "2.3"]
[White "Virtanen, Antti"]
[Black "Tuominen, Risto"]
[Result "1/2-1/2"]
[WhiteElo "2247"]
[BlackElo "2303"]
[PlyCount "57"]
[EventDate "2016.09.17"]
[EventType "team-tourn"]
[EventRounds "11"]
[EventCountry "FIN"]
[SourceTitle "EXT 2017"]
[Source "ChessBase"]
[SourceDate "2016.10.25"]
[SourceVersion "1"]
[SourceVersionDate "2016.10.25"]
[SourceQuality "1"]
[WhiteTeam "Helsinki Aatos"]
[BlackTeam "Turku TuTS"]
[WhiteTeamCountry "FIN"]
[BlackTeamCountry "FIN"]

1. c4 c6 2. Nf3 d5 3. e3 Nf6 4. Nc3 g6 5. d4 Bg7 6. Be2 dxc4 7. Bxc4 0-0 8. h3 Bf5 9. 0-0 Ne4 10. Qe2 Nd7 11. Rd1 Qc7 12. Nxe4 Bxe4 13. Bd2 Bxf3 14. Qxf3 e5 15. Bb4 c5 16. dxc5 Nxc5 17. Rac1 b6 18. Bxc5 bxc5 19. b4 Qe7 20. bxc5 Rac8 21. c6 e4 22. Qe2 Rfd8 23. Bd5 Rc7 24. Bxe4 Rxd1+ 25. Qxd1 Bb2 26. Rc4 Be5 27. Qd5 Rc8 28. Bxg6 Rd8 29. c7 1/2-1/2

[Event "FIN-chT 1516"]
[Site "Finland"]
[Date "2015.09.13"]
[Round "2.3"]
[White "Nyysti, Sampsa"]
[Black "Virtanen, Antti"]
[Result "1/2-1/2"]
[WhiteElo "2355"]
[BlackElo "2274"]
[PlyCount "48"]
[EventDate "2015.09.12"]
[EventType "team-tourn"]
[EventRounds "11"]
[EventCountry "FIN"]
[SourceTitle "EXT 2016"]
[Source "ChessBase"]
[SourceDate "2015.10.08"]
[SourceVersion "1"]
[SourceVersionDate "2015.10.08"]
[SourceQuality "1"]
[WhiteTeam "Helsinki Velhot"]
[BlackTeam "Helsinki Aatos"]
[WhiteTeamCountry "FIN"]
[BlackTeamCountry "FIN"]

1. e4 c5 2. Nf3 g6 3. d4 cxd4 4. Qxd4 Nf6 5. e5 Nc6 6. Qf4 Nd5 7. Qe4 Nb6 8. Bf4 d5 9. exd6 Bf5 10. Qe2 Bg7 11. Nc3 0-0 12. 0-0-0 exd6 13. Rxd6 Qc8 14. Qb5 Bxc3 15. bxc3 Re8 16. Bd3 Bxd3 17. Rxd3 Qe6 18. Qb3 Qf5 19. Be3 Na5 20. Qb4 Rac8 21. Qf4 Qb5 22. Qb4 Qf5 23. Qf4 Qb5 24. Qb4 Qf5 1/2-1/2

[Event "FIN-chT 1516"]
[Site "Finland"]
[Date "2015.09.12"]
[Round "1.3"]
[White "Lehtosaari, Mauri"]
[Black "Virtanen, Antti"]
[Result "1/2-1/2"]
[WhiteElo "2184"]
[BlackElo "2274"]
[PlyCount "105"]
[EventDate "2015.09.12"]
[EventType "team-tourn"]
[EventRounds "11"]
[EventCountry "FIN"]
[SourceTitle "EXT 2016"]
[Source "ChessBase"]
[SourceDate "2015.10.08"]
[SourceVersion "1"]
[SourceVersionDate "2015.10.08"]
[SourceQuality "1"]
[WhiteTeam "Kotka KymS"]
[BlackTeam "Helsinki Aatos"]
[WhiteTeamCountry "FIN"]
[BlackTeamCountry "FIN"]

1. e4 c5 2. Nc3 Nc6 3. Nf3 g6 4. Bb5 Nd4 5. Bd3 Bg7 6. 0-0 e6 7. Nxd4 cxd4 8. Ne2 d5 9. exd5 Qxd5 10. c3 Bd7 11. c4 Qd6 12. Be4 Rb8 13. d3 Nf6 14. Bf3 0-0 15. a3 b5 16. c5 Qxc5 17. Bd2 Nd5 18. Nf4 Nxf4 19. Bxf4 e5 20. Bd2 Rfc8 21. Rc1 Qb6 22. Qb3 Be6 23. Bd5 Bxd5 24. Qxd5 Rd8 25. Qc6 Qxc6 26. Rxc6 Rd7 27. Rfc1 f6 28. Rc8+ Rxc8 29. Rxc8+ Kf7 30. Kf1 Bf8 31. Rb8 a6 32. Ke2 Rc7 33. Kd1 Bc5 34. Ba5 Ra7 35. Rc8 Bd6 36. f3 Ke6 37. Re8+ Kd5 38. Rd8 Kc6 39. Re8 Re7 40. Ra8 Kb7 41. Rd8 Bc7 42. Bxc7 Kxc7 43. Ra8 Kb7 44. Rd8 f5 45. Kd2 a5 46. Rd6 a4 47. Rd8 Kc6 48. Rc8+ Rc7 49. Re8 Kd5 50. Rd8+ Kc5 51. Re8 Kd6 52. Rd8+ Rd7 53. Rb8 1/2-1/2

[Event "FIN-chT 1415"]
[Site "Finland"]
[Date "2015.03.14"]
[Round "10.5"]
[White "Koskinen, Henri"]
[Black "Virtanen, Antti"]
[Result "1/2-1/2"]
[WhiteElo "2248"]
[BlackElo "2303"]
[PlyCount "85"]
[EventDate "2014.09.27"]
[EventType "team-tourn"]
[EventRounds "11"]
[EventCountry "FIN"]
[SourceTitle "EXT 2016"]
[Source "ChessBase"]
[SourceDate "2015.10.08"]
[SourceVersion "1"]
[SourceVersionDate "2015.10.08"]
[SourceQuality "1"]
[WhiteTeam "Vantaa EtVaS"]
[BlackTeam "Helsinki Aatos"]
[WhiteTeamCountry "FIN"]
[BlackTeamCountry "FIN"]

1. d4 Nf6 2. Nf3 g6 3. Bg5 Bg7 4. Nbd2 0-0 5. e3 d6 6. Be2 c5 7. c3 cxd4 8. exd4 Be6 9. 0-0 Qb6 10. Bc4 Bxc4 11. Nxc4 Qc7 12. Ne3 Nbd7 13. Re1 e6 14. Bxf6 Bxf6 15. a4 d5 16. Ng4 Bg7 17. Nge5 Nf6 18. Re2 Rac8 19. Ne1 Ne4 20. N1d3 Nd6 21. Re1 Nc4 22. Nxc4 dxc4 23. Ne5 Rfd8 24. Qc2 Rd5 25. Ng4 a6 26. h3 b5 27. axb5 axb5 28. Qe4 b4 29. Ra6 Ra5 30. Rxa5 Qxa5 31. Qb7 Rd8 32. cxb4 Qd5 33. Qxd5 exd5 34. Ne5 Bxe5 35. Rxe5 f6 36. Re7 Rb8 37. Rd7 Rb5 38. Rc7 Rxb4 39. Rc5 Rxb2 40. Rxd5 Rb1+ 41. Kh2 Rd1 42. Rd6 Kf7 43. d5 1/2-1/2

[Event "FIN-chT 1415"]
[Site "Finland"]
[Date "2014.11.16"]
[Round "6.5"]
[White "Hentunen, Asko"]
[Black "Virtanen, Antti"]
[Result "0-1"]
[WhiteElo "2299"]
[BlackElo "2303"]
[PlyCount "66"]
[EventDate "2014.09.27"]
[EventType "team-tourn"]
[EventRounds "11"]
[EventCountry "FIN"]
[SourceTitle "EXT 2016"]
[Source "ChessBase"]
[SourceDate "2015.10.08"]
[SourceVersion "1"]
[SourceVersionDate "2015.10.08"]
[SourceQuality "1"]
[WhiteTeam "Espoo MatSK"]
[BlackTeam "Helsinki Aatos"]
[WhiteTeamCountry "FIN"]
[BlackTeamCountry "FIN"]

1. c4 e5 2. g3 Nf6 3. Bg2 Nc6 4. Nc3 Bc5 5. e3 d5 6. Nxd5 Nxd5 7. cxd5 Nb4 8. Qb3 c6 9. dxc6 bxc6 10. Ne2 Nd3+ 11. Kf1 0-0 12. Be4 Bh3+ 13. Kg1 Ne1 14. d4 Qf6 15. f4 exd4 16. Kf2 Rfe8 17. Bb1 Ng2 18. Qc2 dxe3+ 19. Kg1 g6 20. Qxc5 Ne1 21. Bxe3 Qxb2 22. Kf2 Ng2 23. Qd4 Qb7 24. Be4 Rad8 25. Qc4 Nxe3 26. Kxe3 Bg2 27. Nc3 Qb6+ 28. Ke2 Bxe4 29. Nxe4 Rd4 30. Qc2 Rdxe4+ 31. Kf3 Re3+ 32. Kg4 Qb5 33. h4 R8e4 0-1

[Event "FIN-chT 1415"]
[Site "Finland"]
[Date "2014.10.19"]
[Round "4.5"]
[White "Kononen, Keijo"]
[Black "Virtanen, Antti"]
[Result "1-0"]
[WhiteElo "2229"]
[BlackElo "2303"]
[PlyCount "79"]
[EventDate "2014.09.27"]
[EventType "team-tourn"]
[EventRounds "11"]
[EventCountry "FIN"]
[SourceTitle "EXT 2016"]
[Source "ChessBase"]
[SourceDate "2015.10.08"]
[SourceVersion "1"]
[SourceVersionDate "2015.10.08"]
[SourceQuality "1"]
[WhiteTeam "Oulu OSS"]
[BlackTeam "Helsinki Aatos"]
[WhiteTeamCountry "FIN"]
[BlackTeamCountry "FIN"]

1. d4 g6 2. e4 Bg7 3. Nc3 c6 4. Nf3 d5 5. h3 Nf6 6. e5 Ne4 7. Nxe4 dxe4 8. Ng5 c5 9. e6 Bxe6 10. Nxe6 fxe6 11. dxc5 Qa5+ 12. c3 0-0 13. Be2 Qxc5 14. 0-0 Nc6 15. Qb3 Rxf2 16. Rxf2 Rf8 17. Qxe6+ Kh8 18. Bf3 exf3 19. Be3 Qh5 20. Raf1 Ne5 21. Bd4 Qg5 22. Bxe5 Bxe5 23. Rxf3 Rxf3 24. Rxf3 Qc1+ 25. Rf1 Bh2+ 26. Kxh2 Qxf1 27. Qc8+ Kg7 28. Qxb7 Qf4+ 29. g3 Qd2+ 30. Qg2 Qc1 31. Qe2 Kf6 32. Kg2 h5 33. Qf1+ Qxf1+ 34. Kxf1 Kf5 35. Ke2 Ke4 36. b4 h4 37. gxh4 Kf4 38. Kf2 e5 39. c4 e4 40. c5 1-0

[Event "FIN-chT 1415"]
[Site "Finland"]
[Date "2014.09.27"]
[Round "1.5"]
[White "Virtanen, Antti"]
[Black "Pihlajasalo, Hannu"]
[Result "1/2-1/2"]
[WhiteElo "2303"]
[BlackElo "2241"]
[PlyCount "49"]
[EventDate "2014.09.27"]
[EventType "team-tourn"]
[EventRounds "11"]
[EventCountry "FIN"]
[SourceTitle "CBM 162 Extra"]
[Source "ChessBase"]
[SourceDate "2014.10.17"]
[SourceVersion "1"]
[SourceVersionDate "2014.10.17"]
[SourceQuality "1"]
[WhiteTeam "Helsinki Aatos"]
[BlackTeam "Salo SalSK"]
[WhiteTeamCountry "FIN"]
[BlackTeamCountry "FIN"]

1. d4 Nf6 2. c4 g6 3. Nc3 Bg7 4. e4 0-0 5. Nf3 c6 6. Be2 d5 7. e5 Ne4 8. 0-0 Nxc3 9. bxc3 Be6 10. Qb3 Qd7 11. Bf4 dxc4 12. Bxc4 Bxc4 13. Qxc4 Na6 14. Rab1 b5 15. Qe2 Nc7 16. c4 a6 17. a4 Rac8 18. Rfd1 Rfd8 19. d5 cxd5 20. cxb5 axb5 21. axb5 Qf5 22. Bg3 d4 23. Qd3 Qxd3 24. Rxd3 Nxb5 25. Kf1 1/2-1/2

[Event "FIN-chT 1314"]
[Site "Finland"]
[Date "2013.11.03"]
[Round "6.3"]
[White "Virtanen, Antti"]
[Black "Kokkila, Tero"]
[Result "1/2-1/2"]
[WhiteElo "2334"]
[BlackElo "2304"]
[PlyCount "37"]
[EventDate "2013.09.21"]
[EventType "team-tourn"]
[EventRounds "11"]
[EventCountry "FIN"]
[SourceTitle "EXT 2014"]
[Source "ChessBase"]
[SourceDate "2013.11.20"]
[SourceVersion "1"]
[SourceVersionDate "2013.11.20"]
[SourceQuality "1"]
[WhiteTeam "Helsinki Aatos"]
[BlackTeam "Vantaa EtVaS"]
[WhiteTeamCountry "FIN"]
[BlackTeamCountry "FIN"]

1. Nf3 Nf6 2. c4 c6 3. Nc3 d5 4. e3 g6 5. d4 Bg7 6. Be2 0-0 7. 0-0 Bg4 8. cxd5 cxd5 9. Qb3 b6 10. h3 Bxf3 11. Bxf3 e6 12. Bd2 Nc6 13. Ne2 Qd7 14. Nf4 Rfc8 15. Rfc1 Rab8 16. Rc2 Na5 17. Rxc8+ Rxc8 18. Bxa5 bxa5 19. Nd3 1/2-1/2